000 00947nac a22002291u 4500
010 _a2005018368
020 _a0131860267
035 _a(OCoLC)ocm60931295
082 0 0 _a339
_bB6392
090 _c1515
_d1515
100 _aBlanchard, Olivier
245 1 0 _aMacroeconomics /
_cOlivier Blanchard.
250 _a4th ed.
260 _aUpper Saddle River, N.J. :
_bPearson Prentice Hall,2006
_c2006.
300 _axxiv, 587, [35] p. :
_bill. (some col.) ;
_c26 cm.
500 _aIncludes bibliographical references and index.
650 0 _aMacroeconomics.
856 4 1 _3Table of contents
_uhttp://www.loc.gov/catdir/toc/ecip0515/2005018368.html
942 _cBB
_k339 B6392
999 _c1515
_d1515